[Event "49th ch-IND NatA"]
[Site "Aurangabad IND"]
[Date "2011.10.14"]
[Round "6"]
[White "G.,A"]
[Black "Narayanan,Sri"]
[Result "1-0"]
[WhiteElo "2239"]
[BlackElo "2336"]

1.e4 c5 2.Nf3 d6 3.d4 cxd4 4.Nxd4 Nf6 5.Nc3 a6 6.g3 e6 7.Bg2 Be7 8.O-O O-O
9.h3 Qc7 10.Re1 Nc6 11.Nxc6 bxc6 12.Na4 Rb8 13.c4 c5 14.Bf4 Nd7 15.b3 Rd8
16.Qh5 Ne5 17.Rad1 Bf6 18.Bg5 Bxg5 19.Qxg5 Bb7 20.Rd2 Nc6 21.Nc3 Nd4 22.Ne2 e5
23.Nxd4 cxd4 24.Rb2 a5 25.Bf1 Bc6 26.a3 Qb7 27.Bd3 Rf8 28.c5 Qd7 29.Kh2 Rfc8
30.Rc1 Ba4 31.cxd6 Rc3 32.Qd2 Qc6 33.bxa4 Rxb2 34.Qxb2 Rxc1 35.d7 Qxd7 36.Qxc1 g6
37.Qc4 Qd6 38.Qb5 h5 39.h4 Qxa3 40.Qe8+ Kh7 41.Qxf7+ Kh6 42.Qg8  1-0

[Event "Chigorin Memorial Open"]
[Site "St Petersburg RUS"]
[Date "2011.10.19"]
[Round "6.107"]
[White "Pyatin,A"]
[Black "Sazonova,A"]
[Result "1-0"]
[WhiteElo "2124"]
[BlackElo "1963"]

1.e4 c5 2.Nf3 d6 3.d4 cxd4 4.Nxd4 Nf6 5.Nc3 a6 6.g3 e5 7.Nf3 Be7 8.Bg2 b5
9.Nh4 Bb7 10.Nf5 O-O 11.Bg5 b4 12.Bxf6 Bxf6 13.Nd5 Nc6 14.Nxf6+ Qxf6 15.Qxd6 Qxd6
16.Nxd6 Nd4 17.Nxb7 Nxc2+ 18.Ke2 Nxa1 19.Rxa1 Rac8 20.Rd1 Rc7 21.Na5 Rc2+
22.Rd2 Rfc8 23.b3 f6 24.Nc4 Rc1 25.Bh3 Rc7 26.Be6+ Kf8 27.Ne3 a5 28.Rd5 R1c5
29.Nf5 Rxd5 30.exd5 g6 31.Ne3 Ke7 32.Nc4 Ra7 33.Kd3 a4 34.Kc2 a3 35.Kd3 Ra8
36.Ke4 Re8 37.Kd3 Ra8 38.Nb6 Rb8 39.Nc8+ Kd8 40.Kc4 Rb7 41.d6  1-0

[Event "III Tancat IM"]
[Site "Barcelona ESP"]
[Date "2011.10.22"]
[Round "4"]
[White "Tallo Dominguez,I"]
[Black "Rojas Keim,L"]
[Result "1-0"]
[WhiteElo "2141"]
[BlackElo "2408"]

1.e4 c5 2.Nf3 d6 3.d4 cxd4 4.Nxd4 Nf6 5.Nc3 a6 6.g3 Bg4 7.f3 Bd7 8.Be3 g6
9.Qd2 Bg7 10.g4 Nc6 11.O-O-O b5 12.g5 Nh5 13.Nxc6 Bxc6 14.Ne2 b4 15.Ng3 Qa5
16.Kb1 Nxg3 17.hxg3 Qe5 18.Qc1 Qxg3 19.Rh3 Qe5 20.Bd4 Qxd4 21.Rxd4 Bxd4 22.Qd2 Be5
23.Bc4 a5 24.f4 Bg7 25.f5 Be5 26.fxg6 hxg6 27.Rxh8+ Bxh8 28.Qf4 f6 29.Be6 Kd8
30.Qh4 Kc7 31.Qh7 Re8 32.Bf7 Rd8 33.Bxg6 fxg5 34.Qxe7+ Rd7 35.Qxg5 Be5 36.Qe3 Rg7
37.Qa7+ Bb7 38.Bf5 a4 39.Kc1 b3 40.axb3 axb3 41.cxb3 Rg3 42.Be6 Bf4+ 43.Kb1 Be3
44.Qa5+ Bb6 45.Qf5 Rg2 46.Bd5 Bxd5 47.Qxd5 Rf2 48.b4 Rh2 49.b5  1-0

[Event "29th Muensterland Open"]
[Site "Senden GER"]
[Date "2011.10.23"]
[Round "3.5"]
[White "Van der Weide,K"]
[Black "Koke,C"]
[Result "1-0"]
[WhiteElo "2449"]
[BlackElo "2121"]

1.e4 c5 2.Nf3 d6 3.d4 cxd4 4.Nxd4 Nf6 5.Nc3 a6 6.g3 e5 7.Nde2 Be6 8.Bg2 Be7
9.O-O b5 10.h3 h5 11.Nd5 Bxd5 12.exd5 Nbd7 13.a4 O-O 14.Be3 Qc7 15.Qd3 Qc4
16.Rfd1 Qxd3 17.Rxd3 b4 18.Rb3 Rab8 19.Rc1 Rfc8 20.c3 Nc5 21.Bxc5 dxc5 22.cxb4 cxb4
23.Rc6 Nd7 24.d6 Bf8 25.Re3 Rxc6 26.Bxc6 Rd8 27.Bxd7 Rxd7 28.Rxe5 Rxd6 29.b3 Rd3
30.Re3 Rxe3 31.fxe3 Bd6 32.Kf2 Kf8 33.Nd4 g6 34.g4 hxg4 35.hxg4 Ke7 36.Ke2 Kf6
37.Nf3 Ke6 38.e4 a5 39.Kd3 Bc7 40.Kc4 f6 41.Kc5 g5 42.Kd4 Bb6+ 43.Kc4 Bc7
44.Kc5 Bd8 45.Nd4+ Ke5 46.Nc6+ Kf4 47.Nxd8 Kxg4 48.Ne6 Kf3 49.e5 fxe5 50.Nxg5+ Kf4
51.Ne6+ Kf5 52.Kd5  1-0

[Event "World Youth U16 Ol"]
[Site "Kocaeli TUR"]
[Date "2011.10.29"]
[Round "7.6"]
[White "Whitfield,C"]
[Black "Kraus,To"]
[Result "1-0"]
[WhiteElo "2010"]
[BlackElo "2197"]

1.e4 c5 2.Nf3 d6 3.d4 cxd4 4.Nxd4 Nf6 5.Nc3 a6 6.g3 e5 7.Nde2 Be7 8.Bg2 O-O
9.h3 b5 10.g4 b4 11.Nd5 Nxd5 12.Qxd5 Ra7 13.Be3 Be6 14.Qd2 Rd7 15.Rd1 Qa5
16.O-O Nc6 17.b3 Bd8 18.f4 f6 19.f5 Bf7 20.Kh2 Bb6 21.Bxb6 Qxb6 22.g5 fxg5
23.Qxg5 Qd8 24.Qg4 Qf6 25.Rd3 Rc8 26.c4 bxc3 27.Rxc3 Na7 28.Rxc8+ Nxc8 29.Rc1 Ne7
30.Nc3 h5 31.Qf3 Qg5 32.Rd1 Nc6 33.Ne2 h4 34.Qc3 Bh5 35.Bf3 Nd4 36.Nxd4 exd4
37.Qc4+ d5 38.Qc8+ Rd8 39.Qe6+ Bf7 40.Qe5 Re8 41.Qd6 dxe4 42.Rg1 Qe7 43.Qxd4 Qe5+
44.Qxe5 Rxe5 45.Bg4 Kf8 46.Re1 Ke7 47.Kg2 e3 48.Kf3 Bd5+ 49.Kf4 Re4+ 50.Kg5 Kd6
51.Kxh4 Kc5 52.Kg5 Kd4 53.Bf3 Re5 54.Bg4 Kc3 55.Kg6 Re7 56.h4 Be4 57.Rxe3+ Kb2
58.Re2+ Ka3 59.Rf2 Bb1 60.h5 Bxa2 61.h6 gxh6 62.f6 Re4 63.Bf5 Re8 64.f7 Rb8
65.Be6 Bxb3 66.Rf3  1-0

[Event "8th Lippe Cup"]
[Site "Lieme GER"]
[Date "2011.10.29"]
[Round "3.6"]
[White "Wolf,An"]
[Black "Soelter,R"]
[Result "1-0"]
[WhiteElo "2174"]
[BlackElo "2072"]

1.e4 c5 2.Nf3 d6 3.d4 cxd4 4.Nxd4 Nf6 5.Nc3 a6 6.g3 e6 7.Bg2 Be7 8.O-O O-O
9.Be3 Qc7 10.a4 Bd7 11.a5 Nc6 12.Nb3 Rac8 13.f4 Nb4 14.g4 Bb5 15.Rf2 d5 16.e5 Nd7
17.Qd2 Bc4 18.Nd4 b6 19.axb6 Nxb6 20.f5 Nd7 21.f6 gxf6 22.exf6 Nxf6 23.h3 Ne8
24.Re1 Bh4 25.Bh6 Qg3 26.Ref1 Ng7 27.Bf4  1-0

[Event "1st Panama Open"]
[Site "Panama City PAN"]
[Date "2011.11.03"]
[Round "2.27"]
[White "Arias,Le"]
[Black "Valdes,R"]
[Result "1-0"]
[WhiteElo "2353"]
[BlackElo "2125"]

1.e4 c5 2.Nf3 d6 3.d4 cxd4 4.Nxd4 Nf6 5.Nc3 a6 6.g3 e5 7.Nb3 Be6 8.Bg2 Be7
9.O-O O-O 10.a4 Nbd7 11.a5 Rc8 12.Be3 Re8 13.Nd5 Nxd5 14.exd5 Bf5 15.Rc1 Bg5
16.Re1 Bg6 17.c4 f5 18.Qd2 Bxe3 19.Rxe3 Kh8 20.Rec3 b6 21.axb6 Qxb6 22.Ra1 Nc5
23.Nxc5 Rxc5 24.Bf1 e4 25.Rca3 a5 26.Qc3 h6 27.Rb3 Qa7 28.Qe3 Rb8 29.Rxa5 Qc7
30.Rxb8+ Qxb8 31.Rxc5 dxc5 32.Qd2 Qd6 33.Qf4 Qd7 34.Qe5 Kg8 35.d6 Qc8 36.Bh3 Kh7
37.Qxe4 Qf8 38.Qd5  1-0

[Event "1st Panama Open"]
[Site "Panama City PAN"]
[Date "2011.11.04"]
[Round "4.7"]
[White "Arias,Le"]
[Black "Gomez Garrido,C"]
[Result "1/2-1/2"]
[WhiteElo "2353"]
[BlackElo "2537"]

1.e4 c5 2.Nf3 d6 3.d4 Nf6 4.Nc3 cxd4 5.Nxd4 a6 6.g3 g6 7.Bg2 Bg7 8.O-O O-O
9.Re1 Bd7 10.a4 Nc6 11.Nxc6 Bxc6 12.a5 Rc8 13.Nd5 Bxd5 14.exd5 Nd7 15.c3 Ne5
16.Re4 Rc5 17.Rb4 Rxa5 18.Rxa5 Qxa5 19.Rxb7 Bf6 20.Rb4 Nd7 21.Be3 Nc5 22.Bxc5 Qxc5  1/2-1/2

[Event "TCh-BEL 2011-12"]
[Site "Eupen BEL"]
[Date "2011.11.06"]
[Round "3.1"]
[White "Berelowitsch,A"]
[Black "Maenhout,T"]
[Result "1-0"]
[WhiteElo "2563"]
[BlackElo "2379"]

1.e4 c5 2.Nf3 d6 3.d4 cxd4 4.Nxd4 Nf6 5.Nc3 a6 6.g3 e5 7.Nb3 Nbd7 8.a4 b6
9.Bg2 Bb7 10.O-O Rc8 11.Re1 Be7 12.Nd2 Rc5 13.Nf1 Qa8 14.Ne3 Nxe4 15.Nxe4 Bxe4
16.Bxe4 Qxe4 17.b3 Nf6 18.Ba3 Rc6 19.c4 Qg6 20.f4 Rc7 21.Bxd6 Rd7 22.fxe5 Bxd6
23.exd6 O-O 24.c5 Ne4 25.Nc4 Nxg3 26.hxg3 Qxg3+ 27.Kf1 Qh3+ 28.Ke2 Qh5+ 29.Kd3 Qxc5
30.Qg4 f5 31.Qd4 Qb4 32.Qd5+ Kh8 33.Ne5 g6 34.Nxd7  1-0

[Event "1st Panama Open"]
[Site "Panama City PAN"]
[Date "2011.11.06"]
[Round "8.14"]
[White "Contreras,H"]
[Black "Gallegos,Ca"]
[Result "1-0"]
[WhiteElo "2240"]
[BlackElo "2404"]

1.e4 c5 2.Nf3 d6 3.d4 cxd4 4.Nxd4 Nf6 5.Nc3 a6 6.g3 e5 7.Nde2 Be6 8.Bg2 Nbd7
9.a4 Rc8 10.h3 Be7 11.O-O O-O 12.b3 Nc5 13.g4 b5 14.axb5 axb5 15.g5 Ne8 16.h4 b4
17.Na2 Qb6 18.Bd2 Na6 19.Nac1 Nec7 20.Nd3 Bd7 21.Be3 Qb5 22.f4 Bg4 23.Qd2 d5
24.fxe5 Rfd8 25.Nd4 Qb7 26.Qf2 Rf8 27.Nf5 Bxf5 28.exf5 Nb5 29.f6 Bd8 30.fxg7 Kxg7
31.Nf4 Nc3 32.Ne6+  1-0

[Event "Femida Cup Men"]
[Site "Kharkiv UKR"]
[Date "2011.11.24"]
[Round "5"]
[White "Musakaev,E"]
[Black "Brodsky,M"]
[Result "0-1"]
[WhiteElo "2363"]
[BlackElo "2553"]

1.e4 c5 2.Nf3 d6 3.d4 cxd4 4.Nxd4 Nf6 5.Nc3 a6 6.g3 e5 7.Nde2 Nbd7 8.Bg2 b5
9.O-O Be7 10.h3 Bb7 11.Nd5 Nxd5 12.exd5 O-O 13.Be3 Nb6 14.b3 Bg5 15.f4 Bf6
16.Rc1 exf4 17.Nxf4 b4 18.Nh5 Be5 19.Qg4 g6 20.Rcd1 a5 21.Nf4 Nd7 22.Rf2 Bg7
23.Nd3 Qc7 24.Bd4 h5 25.Qh4 Rae8 26.Bxg7 Kxg7 27.Rdf1 Ba6 28.Qd4+ Kg8 29.Be4 Bxd3
30.Bxd3 Re5 31.Kh2 Kg7 32.c4 bxc3 33.Bc4 Nc5 34.Re2 Re8 35.Qxc3 Kg8 36.Rxe5 Rxe5
37.Qd4 Qe7 38.Rf2 Ne4 39.Rg2 h4 40.gxh4 Qxh4 41.Rg4 Qe7 42.Rf4 Ng5 43.Bf1 f5
44.Bg2 Re2 45.Rf2 Rxf2 46.Qxf2 Qe5+ 47.Kg1 Ne4 48.Qb6 Qxd5 49.Qd8+ Kf7 50.Qd7+ Kf6
51.Qc8 Ke5 52.Qe8+ Kf6 53.Qd8+ Kg7 54.Bxe4 Qd4+ 55.Kf1 Qxe4 56.Qxd6 Qb1+
57.Kg2 Qxa2+ 58.Kh1 Qa1+ 59.Kh2 Qb2+ 60.Kh1 Qc1+ 61.Kh2 Qb2+ 62.Kh1 Qc1+
63.Kh2 Qe1 64.Qd4+ Kh7 65.Qf6 Qd2+ 66.Kh1 Qb4 67.Qe6 Qe4+ 68.Qxe4 fxe4 69.Kh2 Kh6
70.Kg3 Kg5  0-1

[Event "Vizag GM Open"]
[Site "Visakhapatnam IND"]
[Date "2011.11.26"]
[Round "5"]
[White "Negi,V"]
[Black "Narayanan,Sri"]
[Result "1/2-1/2"]
[WhiteElo "2051"]
[BlackElo "2387"]

1.e4 c5 2.Nf3 d6 3.d4 cxd4 4.Nxd4 Nf6 5.Nc3 a6 6.g3 e6 7.Bg2 Be7 8.O-O Qc7
9.h3 O-O 10.a4 Nc6 11.Nb3 b6 12.Be3 Bb7 13.f4 Nd7 14.g4 Rfe8 15.g5 Bf8 16.Qd2 Nc5
17.Qf2 Nb4 18.Nd4 g6 19.Rac1 Rad8 20.h4 e5 21.Nde2 exf4 22.Nxf4 Bg7 23.Bd4 Be5  1/2-1/2

[Event "Femida Cup Men"]
[Site "Kharkiv UKR"]
[Date "2011.11.28"]
[Round "9"]
[White "Musakaev,E"]
[Black "Kovchan,A"]
[Result "0-1"]
[WhiteElo "2363"]
[BlackElo "2573"]

1.e4 c5 2.Nf3 d6 3.d4 cxd4 4.Nxd4 Nf6 5.Nc3 a6 6.g3 Nc6 7.Nde2 g6 8.Bg2 Bg7
9.O-O O-O 10.a4 Rb8 11.h3 b5 12.axb5 axb5 13.Bg5 Nd7 14.Qc1 Nc5 15.Nd5 Ne6
16.Bh6 Ned4 17.Nxd4 Nxd4 18.Kh2 Bb7 19.Bxg7 Kxg7 20.Qe3 e5 21.Nb4 Qc7 22.c3 Nb3
23.Rad1 Qc5 24.Qd3 Rfd8 25.f4 exf4 26.gxf4 Re8 27.Nd5 Bxd5 28.Qxd5 Qxd5 29.Rxd5 Rb6
30.e5 Re6 31.exd6 Rexd6 32.f5 Na5 33.fxg6 hxg6 34.Rf2 Nc4 35.Rxd6 Rxd6 36.Bf1 Rd5
37.Bg2 Re5 38.Bf3 f5 39.Re2 Ne3 40.h4 f4 41.Kh3 b4 42.Rd2 bxc3 43.bxc3 Rc5
44.Rd3 Kf6 45.Be4 Rc4 46.Bf3 Kf5 47.Be2 Rc7 48.Kh2 Ke5 49.Rd8 Rxc3 50.Bd3 Ng4+
51.Kg2 Ke6 52.Rd4 Ne5 53.Bb1 Rg3+ 54.Kf2 Ng4+ 55.Kf1 f3 56.Re4+ Kd5 57.Rf4 Nh2+
58.Kf2 Rg2+ 59.Ke1 Rg1+ 60.Kf2 Rxb1 61.Kg3 Rb2 62.Rf6 Ke5 63.Rf8 f2 64.Rxf2 Rxf2
65.Kxf2 Kf4  0-1

[Event "TCh-BEL 2011-12"]
[Site "Belgium BEL"]
[Date "2011.12.04"]
[Round "5.3"]
[White "Feygin,M"]
[Black "Van Oosterom,C"]
[Result "1/2-1/2"]
[WhiteElo "2521"]
[BlackElo "2389"]

1.e4 c5 2.Nf3 d6 3.d4 cxd4 4.Nxd4 Nf6 5.Nc3 a6 6.g3 e5 7.Nb3 Be7 8.Bg2 b5
9.a4 b4 10.Nd5 Nxd5 11.Qxd5 Ra7 12.Be3 Be6 13.Qd3 Rd7 14.O-O Qc7 15.Rfc1 O-O
16.c3 bxc3 17.Rxc3 Qb7 18.Na5 Qb4 19.Nc4 Rb7 20.a5 Rc7 21.Bf1 Rfc8 22.Nb6 Rxc3
23.bxc3 Rxc3 24.Qd2 Nc6 25.Nd5 Bxd5 26.Qxd5 Nd4 27.Bxd4 exd4 28.Bxa6 Rc5
29.Qa8+ Bf8 30.Bf1 Qc3 31.Rb1 Qxa5 32.Qe8 Re5 33.Qc8 Rc5 34.Qe8 Re5 35.Qc8 Rc5  1/2-1/2

[Event "2nd JAHV McGregor Open"]
[Site "Bogota COL"]
[Date "2011.12.09"]
[Round "7"]
[White "Barros,R2"]
[Black "Rodriguez Rueda,P"]
[Result "0-1"]
[WhiteElo "2263"]
[BlackElo "2145"]

1.e4 c5 2.Nf3 d6 3.d4 cxd4 4.Nxd4 Nf6 5.Nc3 a6 6.g3 e5 7.Nde2 Be7 8.Bg2 b5
9.O-O Bb7 10.h3 Nbd7 11.g4 b4 12.Nd5 Nxd5 13.exd5 O-O 14.Ng3 Re8 15.Kh1 Qc7
16.Be3 Nb6 17.b3 a5 18.Qd2 a4 19.Rac1 Ra5 20.c4 bxc3 21.Rxc3 Qd8 22.Rd3 Rb5
23.bxa4 Nxa4 24.Rb3 Ba6 25.Rfb1 Qd7 26.Rxb5 Bxb5 27.Qa5 Bd3 28.Rc1 Nc5 29.Rc3 e4
30.Nf5 Rb8 31.Nxe7+ Qxe7 32.Rc1 Rc8 33.Qb6 Qe5 34.Bxc5 dxc5 35.d6 Qg5 36.Rc3 c4
37.a4 Qd8 38.a5 Rb8 39.Qc5 h5 40.g5 Ra8 41.Qb6 Qxg5 42.a6 Qd2 43.d7 Qxc3
44.d8=Q+ Rxd8 45.Qxd8+ Kh7 46.Qd6 Qa1+ 47.Kh2 c3 48.Qe5 Qxa6 49.Qxc3 Qd6+
50.Kg1 Qf4 51.Qd4 f5 52.Qc5 Qg5 53.Qe5 Kh6 54.Qd6+ Qf6 55.Qf4+ g5 56.Qe3 f4
57.Qc5 f3 58.Bh1 g4 59.Qe3+ Kg6 60.hxg4 hxg4 61.Qc5 Kh6 62.Qe3+ Kh5 63.Qc5+ Kh4
64.Qc7 e3 65.Qg3+ Kg5 66.fxe3 Qa1+ 67.Kh2 Qb2+ 68.Kg1 Qc1+ 69.Kh2 Qd2+ 70.Kg1 Qxe3+
71.Kh2 Qf4 72.Bxf3 Qxf3 73.Qe5+ Qf5 74.Qg7+ Kf4 75.Qc7+ Qe5 76.Qc1+ Kf3+
77.Kh1 Qe2 78.Qg1 Qf1  0-1

[Event "European Rapid 2011"]
[Site "Warsaw POL"]
[Date "2011.12.17"]
[Round "2"]
[White "Migala,A"]
[Black "Moranda,W"]
[Result "0-1"]
[WhiteElo "2078"]
[BlackElo "2568"]

1.e4 c5 2.Nc3 a6 3.Nf3 d6 4.d4 cxd4 5.Nxd4 Nf6 6.g3 e5 7.Nde2 Be7 8.Bg2 b5
9.h3 O-O 10.O-O Nbd7 11.a3 Bb7 12.g4 Nb6 13.Ng3 Rc8 14.g5 Ne8 15.h4 g6 16.f4 exf4
17.Rxf4 Ng7 18.Nd5 Bxd5 19.exd5 f6 20.gxf6 Bxf6 21.h5 Be5 22.Rxf8+ Qxf8 23.h6 Bxg3
24.hxg7 Qf2+  0-1

[Event "European Rapid 2011"]
[Site "Warsaw POL"]
[Date "2011.12.17"]
[Round "6"]
[White "Janaszak,Daw"]
[Black "Swiercz,D"]
[Result "1/2-1/2"]
[WhiteElo "2370"]
[BlackElo "2584"]

1.e4 c5 2.Nf3 d6 3.d4 cxd4 4.Nxd4 Nf6 5.Nc3 a6 6.g3 e5 7.Nde2 Be7 8.Bg2 Nbd7
9.h3 h5 10.Be3 b5 11.O-O Bb7 12.a4 b4 13.Nd5 Nxd5 14.exd5 h4 15.Qd2 a5 16.f4 Ba6
17.g4 Rc8 18.Rf2 Qc7 19.Rc1 Nc5 20.b3 Nd7 21.g5 exf4 22.Nxf4 Ne5 23.g6 O-O
24.gxf7+ Rxf7 25.Ne6 Qc3 26.Rxf7 Nxf7 27.Qf2 Bf6 28.Be4 Qe5 29.Qg2 Rc3 30.Bf4 Qh5
31.Kh1 Ne5 32.Rg1 Qe2 33.Qxg7+ Bxg7 34.Rxg7+ Kh8 35.Rh7+ Kg8 36.Rg7+ Kh8
37.Rh7+ Kg8 38.Rg7+ Kh8 39.Rh7+  1/2-1/2

[Event "20th Aschacher Donau"]
[Site "Aschach AUT"]
[Date "2011.12.26"]
[Round "1"]
[White "Sulek,V"]
[Black "Popovic,Du"]
[Result "0-1"]
[WhiteElo "2135"]
[BlackElo "2573"]

1.e4 c5 2.Nf3 d6 3.d4 cxd4 4.Nxd4 Nf6 5.Nc3 a6 6.g3 e5 7.Nde2 Be7 8.Bg2 b5
9.O-O O-O 10.a4 b4 11.Nd5 Nxd5 12.exd5 a5 13.c3 Nd7 14.Be3 Ba6 15.cxb4 axb4
16.Qd2 Rc8 17.Rfc1 Nc5 18.Bxc5 dxc5 19.Rd1 Bd6 20.b3 c4 21.bxc4 Bxc4 22.Nc1 Qa5
23.Nd3 Bb3 24.Rdc1 Rc3 25.Ne1 Rfc8 26.Rcb1 Ra8 27.Be4 Qc5 28.Ng2 Qd4 29.Qxd4 exd4
30.a5 d3 31.Ne3 Bc2 32.Rb2 b3 33.a6 Rcc8 34.a7 Be5  0-1

[Event "Cracovia Open A"]
[Site "Krakow POL"]
[Date "2011.12.28"]
[Round "2.15"]
[White "Sharapov,E"]
[Black "Lach,A"]
[Result "1/2-1/2"]
[WhiteElo "2470"]
[BlackElo "2160"]

1.e4 c5 2.Nf3 d6 3.d4 cxd4 4.Nxd4 Nf6 5.Nc3 a6 6.g3 e5 7.Nb3 Bg4 8.Be2 Be6
9.Bf3 Be7 10.a4 Nbd7 11.O-O Rc8 12.Re1 h5 13.Nd2 h4 14.Nf1 Qc7 15.Ne3 g6
16.a5 Qc5 17.Ncd5 Bxd5 18.exd5 hxg3 19.hxg3 Qd4 20.c4 Qxd1 21.Rxd1 Nh7 22.b4 f5
23.Bb2 Bf6 24.Rac1 Kf7 25.Ba3 e4 26.Be2 Ng5 27.c5 Ne5 28.Kg2 Ngf3 29.Nf1 dxc5
30.bxc5 Rh7 31.Bb2 Rch8 32.Bxe5 Rh2+ 33.Nxh2 Rxh2+ 34.Kf1 Rh1+ 35.Kg2 Rh2+  1/2-1/2

[Event "XLI Rilton Cup 2011-12"]
[Site "Stockholm SWE"]
[Date "2011.12.29"]
[Round "3"]
[White "Denisov,I"]
[Black "Lindgren,P"]
[Result "1-0"]
[WhiteElo "2348"]
[BlackElo "2152"]

1.e4 c5 2.Nf3 d6 3.d4 cxd4 4.Nxd4 Nf6 5.Nc3 a6 6.g3 e5 7.Nde2 Be7 8.a4 Nc6
9.Bg2 Nb4 10.O-O Be6 11.b3 d5 12.exd5 Nfxd5 13.Bb2 Nxc3 14.Nxc3 Qc7 15.Qe2 O-O
16.Rfe1 Rac8 17.Rac1 Rfd8 18.Nd1 Na2 19.Ra1 Qxc2 20.Bxb7 Qxe2 21.Rxe2 Rb8
22.Bxa6 Rxb3 23.Ne3 Nb4 24.Bb5 f6 25.Ba3 Kf7 26.a5 Ra8 27.Bc4 Rc3 28.Bxe6+ Kxe6
29.Bxb4 Bxb4 30.Ra4 Bc5 31.a6 Ra3 32.Rxa3 Bxa3 33.Ra2 Bc5 34.Kg2 f5 35.Kf3 g5
36.Ke2 f4 37.Nf1 e4 38.Nd2 f3+ 39.Ke1 Bb4 40.Ra4 Rc8 41.Kd1 Bxd2 42.Kxd2 Kf5
43.a7 Rd8+ 44.Ke1 Ra8 45.h3 Ke5 46.Ra5+ Kd4 47.Kd2 e3+ 48.fxe3+ Kc4 49.Ke1 Kb4
50.Ra1 h5 51.g4 hxg4 52.hxg4 Kc3 53.Kf2 Kd3 54.Ra4  1-0

[Event "Cracovia Open A"]
[Site "Krakow POL"]
[Date "2011.12.30"]
[Round "4.21"]
[White "Toma,K"]
[Black "Marczuk,D"]
[Result "1-0"]
[WhiteElo "2297"]
[BlackElo "1938"]

1.e4 c5 2.Nf3 d6 3.d4 cxd4 4.Nxd4 Nf6 5.Nc3 a6 6.g3 e5 7.Nde2 Be7 8.a4 O-O
9.Bg2 Be6 10.O-O Nc6 11.h3 Nb4 12.Nd5 Nfxd5 13.exd5 Bf5 14.c3 Nd3 15.Be3 Qd7
16.g4 Bg6 17.Ra2 Rae8 18.b4 Bh4 19.f3 Qc7 20.Qb3 f5 21.c4 f4 22.Bd2 Qb6+
23.Kh2 e4 24.a5 exf3 25.Bxf3 Qd8 26.Bc3 Bf2 27.Bd4 Qh4 28.Bxf2 Nxf2 29.Nxf4 Rxf4
30.Raxf2 Ref8 31.Qe3 Qf6 32.Qe6+ Kh8 33.Qxf6 R8xf6 34.c5 h6 35.c6 bxc6 36.dxc6 Rxb4
37.Bd5 Rb5 38.Rxf6 gxf6 39.Rc1  1-0

[Event "ch-AUS 2011-12"]
[Site "North Geelong AUS"]
[Date "2012.01.07"]
[Round "10.10"]
[White "Steadman,M"]
[Black "Morris,J"]
[Result "0-1"]
[WhiteElo "2269"]
[BlackElo "2364"]

1.e4 c5 2.Nf3 d6 3.d4 cxd4 4.Nxd4 Nf6 5.Nc3 a6 6.g3 e5 7.Nde2 Be6 8.Bg2 Be7
9.O-O Nbd7 10.h3 b5 11.a3 O-O 12.b3 Re8 13.Bb2 Rc8 14.Kh2 Bf8 15.Qd2 Nb6
16.f4 exf4 17.gxf4 Rc5 18.Rad1 Qc7 19.Nd4 Bc8 20.Rf2 Bb7 21.Re2 g6 22.Rf1 Bh6
23.Re3 Bg7 24.Qd3 Qb8 25.Kg1 Rc7 26.Nf3 Rce7 27.Nd2 Nbd7 28.b4 Nb6 29.Ba1 Qa7
30.Kh1 d5 31.e5 d4 32.Rg3 dxc3 33.exf6 Bxf6  0-1

[Event "17th Bosnjaci Open"]
[Site "Bosnjaci CRO"]
[Date "2012.01.09"]
[Round "9.5"]
[White "Pancevski,F"]
[Black "Stocko,J"]
[Result "1-0"]
[WhiteElo "2459"]
[BlackElo "2189"]

1.e4 c5 2.Nf3 d6 3.d4 cxd4 4.Nxd4 Nf6 5.Nc3 a6 6.g3 e6 7.Bg2 Be7 8.O-O O-O
9.a4 Qc7 10.h3 Nc6 11.Nde2 b6 12.g4 Bb7 13.g5 Nd7 14.f4 b5 15.Ng3 b4 16.Nce2 Rfe8
17.f5 Bf8 18.b3 Nce5 19.Be3 Rac8 20.Rc1 Nc5 21.fxe6 fxe6 22.Qd2 a5 23.Nd4 Qb8
24.Nb5 Ba6 25.Qe2 Bxb5 26.axb5 Qb7 27.Ra1 Ra8 28.Rfe1 Reb8 29.Bf1 Qf7 30.Bg2 Qb7
31.Bf1 Qf7 32.Kh1 Be7 33.Bg2 Qe8 34.Bf1 Qf7 35.Red1 Qg6 36.Qh5 Nxe4 37.Qxg6 Nxg3+
38.Kg2 Nxg6 39.Kxg3 d5 40.h4 Bd6+ 41.Kh3 Bc7 42.h5 Ne7 43.Bd3 g6 44.hxg6 hxg6
45.Kg4 Nf5 46.Bf2 Bb6 47.Bxb6 Rxb6 48.Kf4 Kg7 49.Ke5 Nd6 50.Rf1 Nf7+ 51.Kd4 Rd6
52.Ke3 e5 53.Rg1 Rb6 54.Raf1 Nd6 55.Rg2 e4 56.Be2 Nf5+ 57.Kd2 d4 58.Bc4 Ra7
59.Rh2 a4 60.Rfh1 Rab7 61.Rh8  1-0

[Event "10th Parsvnath Open"]
[Site "New Delhi IND"]
[Date "2012.01.19"]
[Round "7.31"]
[White "Choudhary,J"]
[Black "Siddharth,R"]
[Result "1/2-1/2"]
[WhiteElo "2118"]
[BlackElo "2398"]

1.e4 c5 2.Nf3 d6 3.d4 cxd4 4.Nxd4 Nf6 5.Nc3 a6 6.g3 e5 7.Nde2 Nbd7 8.Bg2 b5
9.O-O Bb7 10.Bg5 Be7 11.Bxf6 Nxf6 12.a4 b4 13.Nd5 Nxd5 14.exd5 a5 15.c4 Qb6
16.b3 O-O 17.Qd2 f5 18.Kh1 Rae8 19.Rad1 Bc8 20.f4 Bf6 21.Rf3 Bd7 22.Rd3 Re7
23.Rf1 Rfe8 24.h3 exf4 25.Nxf4 Bg5 26.Qf2 Qxf2 27.Rxf2 Bxf4 28.gxf4 Re1+
29.Kh2 R8e3 30.Rfd2 Kf7 31.Bf3 Kf6 32.Kg3 Rg1+ 33.Kf2 Rxd3 34.Rxd3 Rc1 35.h4 h6
36.Re3 g6 37.Be2 Kf7 38.Bf3 Kf6 39.Be2 Kf7 40.Bf3 Rc2+ 41.Re2 Rxe2+ 42.Bxe2 g5
43.hxg5 hxg5 44.fxg5 Kg6  1/2-1/2

[Event "TCh-CZE Liga1 Vychod"]
[Site "Czech Rep CZE"]
[Date "2012.01.29"]
[Round "7"]
[White "Langner,L1"]
[Black "Cerveny,M"]
[Result "1-0"]
[WhiteElo "2350"]
[BlackElo "2347"]

1.e4 c5 2.d4 cxd4 3.Nf3 d6 4.Nxd4 Nf6 5.Nc3 a6 6.g3 e5 7.Nde2 Nbd7 8.a4 b6
9.Bg2 Be7 10.O-O Bb7 11.h3 Rc8 12.g4 h6 13.Ng3 g6 14.Be3 Nc5 15.Qd2 h5 16.g5 Nfd7
17.h4 Ne6 18.Bh3 Rc7 19.Rad1 O-O 20.Qe2 Nf4 21.Bxf4 exf4 22.Nxh5 Rxc3 23.bxc3 gxh5
24.Qxh5 Bxe4 25.Rfe1 Bh7 26.Qg4 Nc5 27.Qxf4 Qc7 28.Bf5 Ne6 29.Rxe6 fxe6 30.Bxe6+ Kg7
31.Qd4+ Kg6 32.Bd5 Bg8 33.h5+ Kxh5 34.Qh8+ Kxg5 35.Qg7+ Kh5 36.Bxg8 Qd8 37.Bf7+ Rxf7
38.Qxf7+ Kh6 39.Rd5 Bg5 40.f4  1-0

[Event "ch-TUR w 2012"]
[Site "Kemer TUR"]
[Date "2012.01.29"]
[Round "1"]
[White "Kaya,E"]
[Black "Yassibag,Ipek Asli"]
[Result "1-0"]
[WhiteElo "2005"]
[BlackElo "1430"]

1.e4 c5 2.Nf3 d6 3.d4 cxd4 4.Nxd4 Nf6 5.Nc3 a6 6.g3 e5 7.Nde2 Nc6 8.Bg2 Be7
9.Bg5 Ng4 10.Bxe7 Nxe7 11.h3 Nf6 12.Qd2 O-O 13.O-O-O Ne8 14.f4 Qb6 15.Rhf1 Be6
16.g4 Rd8 17.fxe5 Rd7 18.exd6 Rxd6 19.Nd5 Bxd5 20.exd5 Nc7 21.Nc3 Rfd8 22.Rfe1 Kf8
23.Qe2 Re8 24.Qd3 Qf2 25.Re2 Qf4+ 26.Kb1 h6 27.Rf1 Qg5 28.Ne4 Qg6 29.Nxd6 Qxd6
30.Qh7 Qg6 31.Qxg6 Nxg6 32.Rxe8+ Nxe8 33.c4 b6 34.b4 Ne5 35.c5 bxc5 36.bxc5 Nd3
37.c6 Nd6 38.Kc2 Nb4+ 39.Kb3 a5 40.Ka4 Nc4 41.Kb5 Ne3 42.c7  1-0

[Event "Moscow Open 2012 A"]
[Site "Moscow RUS"]
[Date "2012.01.30"]
[Round "3.81"]
[White "Filipenko,A"]
[Black "Ezhikov,V"]
[Result "1-0"]
[WhiteElo "2351"]
[BlackElo "2024"]

1.e4 c5 2.Nf3 d6 3.d4 cxd4 4.Nxd4 Nf6 5.Nc3 a6 6.g3 e5 7.Nb3 Be6 8.Bg2 Be7
9.O-O O-O 10.a4 b6 11.Re1 Nbd7 12.Nd2 Qc7 13.Nf1 Rac8 14.Ne3 g6 15.Re2 Nb8
16.Ned5 Bxd5 17.Nxd5 Nxd5 18.Qxd5 Nc6 19.c3 Na5 20.Bh6 Rfd8 21.h4 Qc4 22.Qxc4 Rxc4
23.Ree1 Ra8 24.Bf1 Rcc8 25.Red1 Nb3 26.Ra3 Nc5 27.Bc4 Nxa4 28.Bd5 Nxb2 29.Rda1 a5
30.Rb3 Nc4 31.Ra4 Ra7 32.Rxc4 Rxc4 33.Bxc4 a4 34.Rxb6 Ra8 35.Bd5  1-0

[Event "11th Aeroflot Open B"]
[Site "Moscow RUS"]
[Date "2012.02.07"]
[Round "1"]
[White "Hernandez,Alex"]
[Black "Artemiev,V"]
[Result "0-1"]
[WhiteElo "2270"]
[BlackElo "2439"]

1.e4 c5 2.Nf3 d6 3.d4 cxd4 4.Nxd4 Nf6 5.Nc3 a6 6.g3 e6 7.Bg2 Be7 8.a4 Qc7
9.O-O Nc6 10.Nb3 b6 11.f4 O-O 12.g4 Bb7 13.g5 Nd7 14.Rf3 Rfe8 15.Rh3 Na5
16.Qh5 Nf8 17.Nxa5 bxa5 18.Be3 Rad8 19.Rf1 d5 20.f5 exf5 21.exd5 Bc5 22.Bxc5 Qxc5+
23.Kh1 Qb4 24.Qf3 Re5 25.Qf2 Qe7 26.Rf3 Bxd5 27.Rxf5 Bxg2+ 28.Qxg2 Rxf5 29.Rxf5 Ng6
30.Rf1 Qe5 31.Qf3 Rf8 32.Qf5 Qb8 33.b3 Qb7+ 34.Qd5 Qc7 35.Ne4 Qxc2 36.Nd6 Qc7
37.Nc4 Nf4 38.Qf3 Ne6 39.Qg3 Qb7+ 40.Qf3 Qb4 41.Qe3 Rb8 42.Qa7 Rf8 43.Qe3 Qb7+
44.Kg1 Qd5 45.Qe5 Rd8 46.Qxd5 Rxd5 47.h4 g6 48.Kg2 Kg7 49.Rf3 Kf8 50.Kh3 Ke7
51.Kg3 Nd4 52.Re3+ Kf8 53.Kf4 Nxb3 54.Nb6 Rf5+ 55.Kg4 Nc5 56.Rc3 Kg7 57.Rc4 h6
58.gxh6+ Kxh6 59.Rd4 Ne6 60.Rd7 Kg7 61.Ra7 Rf4+ 62.Kg3 Rd4 63.Nc8 Nc5 64.Ne7 Rxa4
65.Nc6 Kf6 66.Nd8 Ne4+ 67.Kh3 Nd6 68.Rxa6 Ke7 69.Nc6+ Ke6 70.Rxa5 Rc4 71.Ne5 Rf4
72.Ng4 Nf5 73.Ra6+ Ke7 74.Ra7+ Ke6 75.Ra6+ Ke7 76.Ra7+ Kf8 77.Ra3 Kg7 78.Rc3 Rb4
79.Rf3 Rb1 80.Nh2 Rb4 81.Ng4 Re4 82.Ra3 Re8 83.Nh2 Rh8 84.Ra4 g5 85.Nf3 Nxh4
86.Nxh4 Rxh4+ 87.Rxh4 gxh4 88.Kxh4 Kf6 89.Kg4 Ke5 90.Kf3 Kf5 91.Ke3 Kg4 92.Kf2 Kf4  0-1

[Event "11th Aeroflot Open B"]
[Site "Moscow RUS"]
[Date "2012.02.07"]
[Round "1"]
[White "Filipenko,A"]
[Black "Shyam,N"]
[Result "0-1"]
[WhiteElo "2351"]
[BlackElo "2482"]

1.e4 c5 2.Nf3 d6 3.d4 cxd4 4.Nxd4 Nf6 5.Nc3 a6 6.g3 e5 7.Nb3 Be7 8.Bg2 Nbd7
9.a4 b6 10.O-O Bb7 11.Re1 Rc8 12.Nd2 Rc5 13.Nf1 Qa8 14.Qd3 Rxc3 15.Qxc3 Nxe4
16.Bxe4 Bxe4 17.Rxe4 Qxe4 18.Qc8+ Bd8 19.c4 Nc5 20.Be3 Qb7 21.Qg4 Ne6 22.Qd1 Qc6
23.b4 Qxc4 24.Rc1 Qxb4 25.Rb1 Qe4 26.f3 Qc6 27.Rc1 Nc5 28.Bxc5 dxc5 29.Qe2 O-O
30.Qxa6 Qxf3 31.Qc4 h5 32.Re1 Bc7 33.Re3 Qg4 34.Qd5 Qxa4 35.Re4 Qa8 36.Qd3 Rd8
37.Qe2 g6  0-1